К вопросу об улучшении оптических характеристик белых пигментов при внешних воздействиях; Диэлектрики в экстремальных условиях

Bibliographische Detailangaben
Parent link:Диэлектрики в экстремальных условиях.— 1988.— С. 117-118
1. Verfasser: Арьянов А. П. Алексей Павлович
Weitere Verfasser: Типишкина Х. З. Халина, Дворецкий М. И. Михаил Ильич
Sprache:Russisch
Veröffentlicht: 1988
Schlagworte:
Format: MixedMaterials Buchkapitel
KOHA link:https://koha.lib.tpu.ru/cgi-bin/koha/opac-detail.pl?biblionumber=594371

MARC

LEADER 00000naa0a2200000 4500
001 594371
005 20250206115316.0
035 |a (RuTPU)RU\TPU\tpu\8991 
035 |a RU\TPU\tpu\8990 
090 |a 594371 
100 |a 20020621d1988 k y0rusy50 ca 
101 0 |a rus 
102 |a RU 
200 1 |a К вопросу об улучшении оптических характеристик белых пигментов при внешних воздействиях  |f А. П. Арьянов, Х. З. Типишкина, М. И. Дворецкий  
463 |t Диэлектрики в экстремальных условиях   |o материалы шестой Всесоюзной конференции по физике диэлектриков (г. Томск, 23-25 ноября 1988 г.)  |v С. 117-118  |d 1988 
610 1 |a труды учёных ТПУ 
700 1 |a Арьянов  |b А. П.  |c кандидат технических наук  |c ХТФ  |f 1938-  |g Алексей Павлович  |3 (RuTPU)RU\TPU\pers\5086 
701 1 |a Типишкина  |b Х. З.  |c ХТФ  |f 1970-  |g Халина  |3 (RuTPU)RU\TPU\pers\5087 
701 1 |a Дворецкий  |b М. И.  |c кандидат технических наук  |c ФАЭН  |f 1949-  |g Михаил Ильич  |3 (RuTPU)RU\TPU\pers\5088 
801 2 |a RU  |b 63413507  |c 20100209  |g PSBO 
942 |c BK